000 01415nam a22003614a 4500
001 ebr10218244
003 CaPaEBR
006 m u
007 cr cn|||||||||
008 050331s2005 cau sb 001 0 eng
010 _z 2005925104
020 _z076196097X (cloth)
020 _z0761960988 (paper)
040 _aCaPaEBR
_cCaPaEBR
035 _a(OCoLC)290534957
050 1 4 _aGN307.65
_b.D53 2005eb
100 1 _aDicks, Bella.
245 1 0 _aQualitative research and hypermedia
_h[electronic resource] :
_bethnography for the digital age /
_cBella Dicks, Bruce Mason, Amanda Coffey.
260 _aThousand Oaks, CA :
_bSAGE Publications,
_c2005.
300 _aviii, 200 p.
504 _aIncludes bibliographical references (p. [179]-183) and index.
533 _aElectronic reproduction.
_bPalo Alto, Calif. :
_cebrary,
_d2013.
_nAvailable via World Wide Web.
_nAccess may be limited to ebrary affiliated libraries.
650 0 _aEthnology
_xComputer network resources.
650 0 _aEthnology
_xResearch.
650 0 _aEthnology
_vInteractive multimedia.
650 0 _aInternet.
650 0 _aDatabase searching.
655 7 _aElectronic books.
_2local
700 1 _aCoffey, Amanda,
_d1967-
700 1 _aMason, Bruce.
710 2 _aebrary, Inc.
856 4 0 _uhttp://site.ebrary.com/lib/rucke/Doc?id=10218244
_zAn electronic book accessible through the World Wide Web; click to view
999 _c240543
_d240543